000 00757nam a2200205 a 4500
003 0
005 20250620152346.0
008 021121s19uu xx 00 eng d
050 _aPGS ZA 4234
_b.L923 1998
100 _aLoy, Joshua.
245 _aOpinions of Southville International High School students using the internet as a research tool /
_cJoshua Loy.
260 _aLas PiƱas City, Philippines :
_bSouthville International School and Colleges,
_c1998.
300 _a19 pages :
_billustrations ;
_c28 cm.
504 _aIncludes bibliographical references.
650 _aInternet in education.
650 _aInformation seeking behavior.
650 _aEducational technology.
650 _aHigh school students
_vAttitudes.
942 _2lcc
_cPASS
999 _c96313
_d96313